County and township map of the state of Maine
Saved in:
| Main Author: | |
|---|---|
| Corporate Authors: | , , , |
| Format: | Electronic |
| Language: | English |
| Published: |
[1890].
|
| Series: | David Rumsey Collection digital maps
|
| Subjects: | |
| Tags: |
Add Tag
No Tags, Be the first to tag this record!
|
| LEADER | 01395nea a2200325Ka 4500 | ||
|---|---|---|---|
| 001 | 012024979-0 | ||
| 005 | 20090630193809.0 | ||
| 008 | 060613t18901887paud a s 0 eng d | ||
| 034 | 1 | |a a |b 920000 |d W0710800 |e W0665300 |f N0472800 |g N0425800 | |
| 035 | 0 | |a ocm70081909 | |
| 040 | |a CUY |c CUY | ||
| 052 | |a 3730 | ||
| 100 | 1 | |a Mitchell, S. Augustus |q (Samuel Augustus), |d 1792-1868. | |
| 245 | 1 | 0 | |a County and township map of the state of Maine |h [electronic resource] / |c copyright 1887 by Wm. M. Bradley & Bro. |
| 255 | |a Scale [ca. 1:920,000] |c (W 71⁰08ʹ--W 66⁰53ʹ/N 47⁰28ʹ--N 42⁰58ʹ). | ||
| 260 | |c [1890]. | ||
| 500 | |a Relief shown by hachures. | ||
| 500 | |a Shows settlements, railroads, etc. | ||
| 500 | |a Prime meridians: Greenwich and Washington. | ||
| 500 | |a Scanned raster image of original: 1 map : hand col. ; 54 x 38 cm. | ||
| 500 | |a Original in the David Rumsey Collection; scanned by Cartography Associates. | ||
| 651 | 0 | |a Maine |v Maps. | |
| 710 | 2 | |a Wm. M. Bradley & Bros. | |
| 710 | 2 | |a John Y. Huber Company. | |
| 710 | 2 | |a David Rumsey Collection. | |
| 710 | 2 | |a Cartography Associates. | |
| 773 | 0 | |a Mitchell, S. Augustus (Samuel Augustus), 1792-1868. |t Mitchell's new general atlas. |d Philadelphia ; St. Louis : John Y. Huber Company, 1890, c1886. |g p. 15-16. |w (OCoLC)70047977 | |
| 830 | 0 | |a David Rumsey Collection digital maps |5 net | |
| 988 | |a 20090630 | ||
| 906 | |0 OCLC | ||


